| 000 | 00635nam a22002297a 4500 | ||
|---|---|---|---|
| 003 | OSt | ||
| 005 | 20170806114318.0 | ||
| 008 | 131016b xxu||||| |||| 00| 0 eng d | ||
| 020 | _a9780314286659 | ||
| 040 |
_aLDCLIB _cLDCLIB |
||
| 082 |
_222 _a340.11 _bCOH |
||
| 100 | _aCohen, Morris L. | ||
| 245 |
_aLegal Research in a Nutshell / _cMorris L.Cohen and Kent C. Olson. |
||
| 250 | _a11th ed. | ||
| 260 |
_aUSA : _bWest publishing _c2013. |
||
| 300 |
_axii, 347 p. ; _c20 cm. |
||
| 500 | _aIncludes Index | ||
| 650 | _aLegal research | ||
| 650 | _aLegal research in a nutshell | ||
| 700 | _aOlson, Kent C. | ||
| 942 |
_2ddc _cBK |
||
| 999 |
_c5783 _d5783 |
||